000 00614nam a2200265Ia 4500
005 20260306164313.0
008 008 260114s9999 xx 000 0 eng d
020 _a9781503604247
037 _aEBOOK
040 _aCRL
040 _beng
040 _cCRL
041 _2eng
041 _aeng
084 _qCRL
100 _aOsborne
245 0 _aSelf-regulation And Human Progress
260 _bStanford University Press
260 _c2018
650 _aEconomics & Finance
856 _uhttps://academic.oup.com/book/30704
942 _cEBOOK
999 _c1713576
_d1713576